Mercosur: Resúmenes de documentos
Guardat en:
| Autor corporatiu: | , , |
|---|---|
| Format: | Llibre |
| Idioma: | espanyol |
| Publicat: |
Santiago
CEPAL
1993
Santiago CLADES 1993 |
| Col·lecció: | Infoplan: Temas Especiales del Desarrollo, 9
|
| Matèries: | |
| Etiquetes: |
Afegir etiqueta
Sense etiquetes, Sigues el primer a etiquetar aquest registre!
|
MARC
| LEADER | 00000nam a2200000 a 4500 | ||
|---|---|---|---|
| 001 | UCQ8089 | ||
| 003 | CL-VaPUC | ||
| 008 | 981127e19930000cl |||||||||||||||||spa|d | ||
| 082 | 0 | 4 | |a 337.18 |b NAC |2 21 |
| 110 | 2 | |a Naciones Unidas |e author |9 421947 | |
| 710 | 2 | |a CEPAL |e author |9 421948 | |
| 710 | 2 | |a CLADES |e author |9 421949 | |
| 245 | 1 | 0 | |a Mercosur: Resúmenes de documentos |
| 300 | |a 119 p | ||
| 942 | |c BK | ||
| 945 | |d 19981127 00:00:00 |a cmena | ||
| 260 | |a Santiago |b CEPAL |c 1993 | ||
| 260 | |a Santiago |b CLADES |c 1993 | ||
| 650 | 0 | |a Tratados internacionales |9 256056 | |
| 650 | 0 | |a Cooperación internacional |9 255447 | |
| 650 | 7 | |a RESUMENES |2 CL-VaPUC |9 421950 | |
| 650 | 0 | |a Libre comercio |9 323018 | |
| 583 | |a last modification |c 20130816 05:24:02 |k Rodrigo Vera | ||
| 490 | 0 | |a Infoplan: Temas Especiales del Desarrollo, 9 | |
| 999 | |c 277445 |d 277443 | ||
| 952 | |0 0 |1 0 |4 0 |6 337_180000000000000_NAC_1993_1993 |7 0 |8 A |9 315379 |a BIBGIM |b BIBGIM |d 2019-11-20 |i 1497111 |o 337.18 NAC 1993 1993 |p 1497111 |r 2025-01-15 |w 2019-11-20 |y BK |k COM | ||